000 00907aam a2200265 4500
005 20260520093307.0
008 150605b1994 xxu||||| |||| 00| 0 spa d
020 _a9977647518
041 _aESP
082 _aCR 863.44 C487h
100 _aChase Brenes, Alfonso
_921913
245 _aEl hombre que se quedó adentro del sueño
260 _aCosta Rica
260 _bEUNED
260 _c1994
300 _a80 páginas
490 _aTemática General
505 _aContenido: El hombre que se quedó adentro del sueño; Tzintzuntzan; Quimera; Unos pasos carcomidos por el viento; Horas viviendo entre palabras; Super Nova; Prontuario del servidor; El primer paraíso; Un Bel Vivir; De cómo escriben mis cuentos.
650 _aTEMÁTICA GENERAL
650 _aNOVELA COSTARRICENSE
650 _aLITERATURA COSTARRICENSE
650 _aFANTASÍA
650 _aIMAGINACIÓN
942 _cLIT
_2ddc
999 _c6205
_d6205